| 000 | 00566nam a2200205Ia 4500 | ||
|---|---|---|---|
| 003 | GCL | ||
| 008 | 140319s9999 xx 000 0 ara d | ||
| 040 |
_aGCL / _cGCL |
||
| 082 | 0 | 4 |
_a301.2 _bل م |
| 100 | 1 | _aسعدية غنيم | |
| 245 | 1 | 0 |
_aاصل الاشياء / _cسعدية غنيم |
| 700 | 1 | _aلبيس، جولياس | |
| 700 | 1 | _aمصطفى حبيب | |
| 300 | _a379 | ||
| 490 |
_aالالف كتاب _v0 |
||
| 650 | 0 | 4 | _aالحضارة القديمة |
| 650 | 0 | 4 | _aالحياة البدائية |
| 650 | 0 | 4 | _aاصل الحياة |
| 942 |
_2ddc _cBK |
||
| 999 |
_c42944 _d42944 |
||